000 00432nam a22001217a 4500
082 _aTHE 200
100 _aMuhammad Muddasir ul Hasan
_915503
245 _aTH-SOF-0779-EFFECT OF TRANSFORMATIONAL LEADERSHIP IN TRANSFORMATION OF HIGHER EDUCATION INSTITUTIONS OF PAKISTAN INTO LEARNING
260 _aNUST COLLEGE OF EME
_bISLAMABAD
_c2001
650 _aMS-EM-6 MSTHESIS
_970416
700 _aDr Akhtar Nawaz Malik
_916099
942 _cCF
999 _c578803
_d578803